000 00511nam a2200181Ia 4500
001 63553
008 190807n ii |||gr||||Z||||||asm
082 _a891.131
100 _aMadhabdev,
_eAuthor.
245 0 _aBhakti Ratnawali
_cby Madhabdev
_hTextual Documents
250 _a1st ed.
260 _aKok:
_bAshok Kumar Mahanta.,
_c2014.
300 _a128p:
_c21cm.
653 _aAssamese
653 _aBhakti Ratnawali, Bhakti ratnawali Gadyarup, Assamese literature
653 _aG-Assamese
942 _2ddc
_cBK
999 _c64655
_d64655